| 000 | 01374aam a2200277 a 4500 | ||
|---|---|---|---|
| 001 | 015648734 | ||
| 003 | OSt | ||
| 005 | 20140129161127.0 | ||
| 008 | 110103t2011 xxua frb 001 0 eng d | ||
| 010 | _a2010050476 | ||
| 020 | _a9780071637930 (hbk.) | ||
| 020 | _a0071637931 (hbk.) | ||
| 040 |
_aStDuBDS _beng _cStDuBDS _dUk |
||
| 082 | 0 | 4 |
_a621.3824 _222 _bFRO |
| 245 | 0 | 0 |
_aFrontiers in antennas : _bnext generation design & engineering / _ceditor Frank B. Gross. |
| 260 |
_aNew York, United States : _bMcGraw-Hill, _cc.2011. |
||
| 300 |
_axvii, 526 p. : _bill. ; _c25 cm. |
||
| 500 | _aIndex : p. 503-526. | ||
| 504 | _aBibliography : p. 500-502. | ||
| 520 | _a"Edited by one of the world's foremost authorities on smart antennas and featuring contributions from global experts, Frontiers in Antennas discusses the latest advances in antenna design and engineering. This pioneering guide deals primarily with frontier antenna designs and frontier numerical methods. Many of the concepts presented have emerged within the last few years and are still in a rapid state of development. Each chapter provides in-depth details on a different unique and modern antenna technology"-- | ||
| 650 | 0 |
_aAntennas (Electronics) _98918 |
|
| 653 |
_bEle _cJanuary2014 |
||
| 655 |
_vreading book _934232 |
||
| 700 | 1 |
_aGross, Frank B. _934982 _eeditor. |
|
| 942 |
_2ddc _k621.3824 FRO |
||
| 999 |
_c17992 _d17964 |
||